Anagrammes Champions du Monde 2018 - Statistiques

Statistiques générales
  • Ce quiz a été pris 285 fois
  • Le résultat moyen est 21 sur 23
Statistiques - réponses
Réponse % Correct
Lloris
99%
Fekir
97%
Mbappé
96%
Pogba
96%
Hernandez
95%
Rami
95%
Kanté
94%
Umtiti
93%
Griezmann
91%
Giroud
90%
Kimpembe
90%
Mandanda
90%
Mendy
89%
Varane
89%
Nzonzi
87%
Pavard
86%
Sidibé
85%
Areola
84%
Dembélé
84%
Lemar
82%
Matuidi
81%
Tolisso
81%
Thauvin
79%
Aucun quiz correspondant
Distribution des résultats
% des personnes avec chaque résultat
Percentile par nombre de réponses
Votre historique - résultats
Vous n’avez pas pris ce quiz